Statistics for Rainbow Six: Siege Operator Quiz (Before Black Ice)

Click here to take the quiz!

General Stats

  • This quiz has been taken 542 times
  • The average score is 19 of 20

Answer Stats

HintAnswer% Correct
ATTACKERash
95%
ATTACKERblitz
95%
ATTACKERsledge
95%
ATTACKERiq
94%
DEFENDERsmoke
94%
ATTACKERthermite
94%
DEFENDERbandit
93%
DEFENDERcastle
93%
DEFENDERjager
93%
DEFENDERmute
93%
ATTACKERthatcher
93%
DEFENDERdoc
92%
ATTACKERfuze
92%
ATTACKERglaz
92%
DEFENDERkapkan
92%
DEFENDERpulse
92%
DEFENDERrook
91%
ATTACKERmontagne
90%
DEFENDERtachanka
90%
ATTACKERtwitch
90%

Score Distribution

Percentile by Number Answered

Percent of People with Each Score

Your Score History

You have not taken this quiz